Test de dactylographie : 3 fois l'alphabet en 15 secondes - Statistiques

Statistiques générales
  • Ce quiz a été pris 1 869 fois
  • Le résultat moyen est 31 sur 78
Statistiques - réponses
Alphabet % Correct
A
100%
B
96%
C
96%
D
93%
E
92%
F
91%
G
91%
H
90%
I
89%
J
88%
K
88%
L
87%
M
86%
N
83%
O
83%
P
82%
Q
80%
R
79%
S
78%
T
78%
U
76%
V
75%
W
74%
X
71%
Y
69%
Z
68%
A
62%
B
58%
C
56%
D
53%
E
52%
F
50%
G
47%
H
46%
I
42%
J
40%
K
38%
L
36%
M
35%
N
33%
O
30%
P
29%
Q
27%
R
25%
S
24%
T
22%
U
20%
V
18%
W
15%
X
12%
Y
10%
Z
9%
A
7%
B
6%
C
6%
D
5%
E
5%
F
4%
G
4%
H
4%
I
3%
J
3%
K
3%
L
3%
M
2%
N
2%
O
2%
P
2%
Q
1%
R
1%
S
1%
T
1%
U
1%
V
1%
W
0%
X
0%
Y
0%
Z
0%
Aucun quiz correspondant
Distribution des résultats
% des personnes avec chaque résultat
Percentile par nombre de réponses
Votre historique - résultats
Vous n’avez pas pris ce quiz